Some Indian problems (Record no. 438344)

000 -LEADER
fixed length control field 00318cam a22001097a 4500
008 - FIXED-LENGTH DATA ELEMENTS--GENERAL INFORMATION
fixed length control field 180718b1929 xxu||||| |||| 00| 0 eng d
082 ## - DEWEY DECIMAL CLASSIFICATION NUMBER
Classification number F5x54 W693
100 ## - MAIN ENTRY--PERSONAL NAME
Personal name Wilson, Frederick William
245 ## - TITLE STATEMENT
Title Some Indian problems
Statement of responsibility, etc. by Frederick William Wilson
260 ## - PUBLICATION, DISTRIBUTION, ETC.
Place of publication, distribution, etc. Allahabad
Name of publisher, distributor, etc. Lala Ram Mohan Lal
Date of publication, distribution, etc. 1929
300 ## - PHYSICAL DESCRIPTION
Extent 108p.
Holdings
Withdrawn status Lost status Damaged status Not for loan Permanent Location Current Location Date acquired Full call number Barcode Date last seen Price effective from Koha item type
        Indian Institute of Public Administration Indian Institute of Public Administration 2010-04-07 F5x54 W693 18712 2018-07-21 2018-07-21 Book

Powered by Koha